00636nam a22002177a 4500003000500000005001700005008004100022010001000063011001000073035001000083040000900093110000800102245014200110260002300252300002400275490001500299650005100314700002600365710001200391830001500403CHAP20220817042222.0971013s1967 r 00010 d a37831 a38803 a42923 cCHAP aFAO aInforme sobre la enseñanza de la economía doméstica en el Centro Regional de Educación Fundamental para América Latina (CREFAL) aRoma :bFAO,c1967 a11 p.b: apéndice aNU:TA/67/114aEconomía domésticaxEstudio y enseñanza.0 aSegarra Ortiz, Hilda.0 aCREFAL.0 aNU:TA/67/1